1651 1395 1171 1144 1543 1836 1472 1631 1178 1097 1102 1530 1806 1634 1993 1605 1200 1838 1457 1891 1524 1867 1571 1227 1078 1794 1850 1227 1178 1777 1067 1814 1380 1639 1634 1837 1255 1152 1201 1577 1706 1460 1693 1211 1549 1042 1368 1883 1508 1587 1050 1298 1127 1132 1831 1609 1079 1091 1757 1644 1290 1921 1543 1407 1325 1192 1418 1682 1942 1875 1524 1309 1553 1376 1704 1615 1707 1653 1340 1300 1054 1041 1983 1017 1538 1698 1376 1666 1408 1238 1061 1106 1389 1017 1819 1395 1810 1344 1159 BCNSPRNW ULIB Ver.6.0+V

เปลี่ยนเป็นภาษาไทย

Change to English
 แสดงรายละเอียดบรรณานุกรม
  กลับหน้าหลัก

Brief Record : Get Marc (ISO 2709) : E-mail record : QR code < ปิดหน้าต่าง
LEADER : 00000nam 2200000uu 4500
001    13399112605
003     ULIB
008    110211s2545||||th 000 0 tha d
020    9747227339
060 04 WY157^bว728ก
100 0  วิไลพรรณ สวัสดิ์พาณิชย์
245 10 การพยาบาลมารดาหลังคลอด /^cวิไลพรรณ สวัสดิ์พาณิชย์
250    พิมพ์ครั้งที่ 2
260    ชลบุรี :^bภาควิชาการพยาบาลแม่และเด็ก คณะพยาบาลศาสตร์มหาวิทยาลัยบูรพา,^c2545
300    123 หน้า :^bภาพประกอบ :^c27 ซม.
650  7 การพยาบาลสูติศาสตร์
650  7 ระยะหลังคลอด^xการพยาบาล
710 2  มหาวิทยาลัยบูรพา . ^bคณะพยาบาลศาสตร์.^bภาควิชาการพยาบาลแม่และเด็ก
945    ^p0^l0^i015363
945    ^p0^l0^i015364
945    ^p0^l0^i015365
995    ทศพร
999 ^a ใช้งานได้ทุกระบบ
รายการนี้ยังไม่มีแท็ก
คุณยังไม่ได้ล็อกอิน คุณสามารถมีกิจกรรมร่วมกับเว็บไซต์ได้ แต่ต้องล็อกอินก่อน ::
  ล็อกอิน

รายการสื่อสารสนเทศ

ลำดับที่ ประเภท เลขเรียก/บาร์โค้ด สถานที่ สถานะ
- ไม่พบข้อมูล -

รายการใกล้เคียง
    ผู้แต่ง [วิไลพรรณ สวัสดิ์พาณิชย์]

    หัวเรื่อง [การพยาบาลสูติศาสตร์]

BibComment


ยังไม่เคยถูกคอมเมนท์

คอมเมนท์ทรัพยากรรายการนี้
  คอมเมนท์: การพยาบาลมารดาหลั..


 Copyright 2026. Bcnsprnw @Library